000 01141nam0a22002531 4500
001 rc\3785557
005 20120207130912.6
035 _a(NLR Aleph) 007233728
090 _a7735442
_c7735442
100 _a20120207g19751976|||y0rusy50 ca
101 0 _arus
102 _aRU
105 _ay z |||||
200 1 _aСезонность розничного товарооборота по продовольственным товарам в кооперативных организациях Белорусской СССР
_e(Поясн. записка)
_fРуководитель темы В.Н. Булавченко
_gИсполн. М.М. Есман
_gЦентросоюз. Центр науч.-исслед. лаб. по изучению спроса ЦНИЛС. Белорус. филиал
210 _aМинск
_cБ. и.
_d1975 (вып. дан. 1976)
215 _a37 с.
_cграф.
_d19
333 _aДСП. Экз. № 44
702 1 _aЕсман
_bМ. М.
_4570
702 1 _aБулавченко
_bВ. Н.
_4570
801 0 _aRU
_bNLR
_gpsbo
801 1 _aRU
_bELAR
_2rusmarc
852 _aNLR
_j76-50К/1564
942 _cBOOK
980 _aNB